Statističeskij analiz i kodirovanije mnogomernych slučajnych processov v real'nom masštabe vremeni
Saved in:
| Main Author: | |
|---|---|
| Format: | Book |
| Language: | Russian |
| Published: |
Baku
Elm
1982
|
| Tags: |
No Tags, Be the first to tag this record!
|
MARC
| LEADER | 00000nam a2200000 4500 | ||
|---|---|---|---|
| 001 | c130784 | ||
| 005 | 20140714102815.5 | ||
| 041 | 0 | |a rus | |
| 044 | |a AZ | ||
| 245 | 1 | 0 | |a Statističeskij analiz i kodirovanije mnogomernych slučajnych processov v real'nom masštabe vremeni |c Telman Abbas Alijev |
| 264 | 1 | |a Baku |b Elm |c 1982 | |
| 300 | |a 258 s. | ||
| 100 | 1 | |a Alijev, Telman Abbas | |